Software Design Methodology
Software design methodology has come a long way since the 1960s and 1970s when programmers were limited to Pascal/C and SA/SD to create systems. When creating information systems for today's world, many factors must be taken into consideration including globalization, the software lifecycle, mo...
Đã lưu trong:
| Príomhúdar: | |
|---|---|
| Formáid: | Leabhar |
| Teanga: | Undetermined |
| Foilsithe: |
Amsterdam
Elsevier
2005
|
| Ábhair: | |
| Clibeanna: |
Cuir Clib Leis
Gan Chlibeanna, Bí ar an gcéad duine leis an taifead seo a chlibeáil!
|
| Thư viện lưu trữ: | Trung tâm Học liệu Trường Đại học Cần Thơ |
|---|
| LEADER | 00866nam a2200205Ia 4500 | ||
|---|---|---|---|
| 001 | CTU_93260 | ||
| 008 | 210402s9999 xx 000 0 und d | ||
| 020 | |c 48.95 | ||
| 082 | |a 005.1 | ||
| 082 | |b Z68 | ||
| 100 | |a Zhu, Hong | ||
| 245 | 0 | |a Software Design Methodology | |
| 245 | 0 | |c Hong Zhu | |
| 260 | |a Amsterdam | ||
| 260 | |b Elsevier | ||
| 260 | |c 2005 | ||
| 520 | |a Software design methodology has come a long way since the 1960s and 1970s when programmers were limited to Pascal/C and SA/SD to create systems. When creating information systems for today's world, many factors must be taken into consideration including globalization, the software lifecycle, modeling, coding, testing, and maintenance. | ||
| 650 | |a Software architecture,Cấu trúc phần mềm | ||
| 904 | |i Năm,Hải | ||
| 980 | |a Trung tâm Học liệu Trường Đại học Cần Thơ | ||